Est-ce visible à l'œil nu ? - Statistiques

Statistiques générales
  • Ce quiz a été pris 499 fois
    356 depuis la dernière actualisation
  • Le résultat moyen est 7 sur 12
Statistiques - réponses
Hint Réponse % Correct
Aurore polaire Oui
88%
Rayons X Non
87%
Rayons Ultraviolets Non
87%
Mercure (planète) Oui
74%
Station Spatiale Internationale Oui
74%
Galaxie d'Andromède Oui
71%
Feu Follet Oui
70%
Argon (élément chimique) Non
68%
Ovule Oui
42%
Neptune (planète) Non
38%
Acarien Oui
37%
Radiation Oui
12%
Aucun quiz correspondant
Distribution des résultats
% des personnes avec chaque résultat
Percentile par nombre de réponses
Votre historique - résultats
Vous n’avez pas pris ce quiz depuis la dernière actualisation